Thea Stilton and the Dragon's Code (Record no. 12308)
[ view plain ]
| 000 -LEADER | |
|---|---|
| fixed length control field | 00269nam a22000977a 4500 |
| 008 - FIXED-LENGTH DATA ELEMENTS--GENERAL INFORMATION | |
| fixed length control field | 230607b |||||||| |||| 00| 0 eng d |
| 020 ## - INTERNATIONAL STANDARD BOOK NUMBER | |
| International Standard Book Number | 9780545109671 |
| 100 ## - MAIN ENTRY--PERSONAL NAME | |
| Personal name | Stilton Geronimo |
| 9 (RLIN) | 7367 |
| 245 ## - TITLE STATEMENT | |
| Title | Thea Stilton and the Dragon's Code |
| 260 ## - PUBLICATION, DISTRIBUTION, ETC. (IMPRINT) | |
| Place of publication, distribution, etc. | India |
| Name of publisher, distributor, etc. | Repro India |
| Date of publication, distribution, etc. | 2017 |
No items available.